000 00278 a2200121 4500
022 _a9788131506509
090 _c2015
_d2015
100 _aLEACH J. CHRIS LEACH
245 _aFINANCE FOR ENTREPRENEURS
260 _aNEW DELHI
300 _a472
942 _aNBS
_cBK
_k658.15421 LEA
999 _c344518
_d344518